000 00428nam a22001817a 4500
003 NUST - PNEC
005 20170116181155.0
008 160111b xxu||||| |||| 00| 0 eng d
020 _a-
040 _cLIBRARY
082 _a658.404 WID
100 _915802
_aWideman, R. Max
245 _a1987 Pmbok glossary
_cR.Max Wideman
250 _a-
260 _c-
650 _915814
_aProject Management
_xMIS
942 _2ddc
_cBK
999 _c71149
_d71149